000 00828cab a2200253 4500
001 ABS47668
008 090401t1992 xxu||||| |||| 00| 0 eng d
035 _a(Sirsi) u62947
041 _aeng
100 _aSaunderson, S.
245 _aBenefits of CAD for building and land surveys
260 _c1992
350 _a0
490 _aArchitect and Surveyor
_v67(11) December 1992, 10-12(3)
520 _aWritten by the managing director of computer company KGB Micros Ltd, describes CAD applications for building and land surveying.
650 _aBUILDING SURVEYS
650 _aCOMPUTER AIDED DESIGN
650 _aLAND SURVEYS
690 _aBUILT ENVIRONMENT-BUILDING INSPECTION
690 _aMANAGEMENT-BUSINESS MANAGEMENT-INFORMATION MANAGEMENT
690 _aLAND SURVEYING
942 _n0
948 _c04/03/1997
999 _c39114
_d39114